Bangladesh national culture and heritage : (Record no. 1933)

MARC details
000 -LEADER
fixed length control field 00699nam a2200205 a 4500
003 - CONTROL NUMBER IDENTIFIER
control field BD-DhJNU
005 - DATE AND TIME OF LATEST TRANSACTION
control field 20250723060339.0
008 - FIXED-LENGTH DATA ELEMENTS--GENERAL INFORMATION
fixed length control field 250501s2019 ii a b 001 0 eng
040 ## - CATALOGING SOURCE
Original cataloging agency BD-DhJNU
Language of cataloging ENG
Transcribing agency BD-DhJNU
Modifying agency BD-DhJNU
082 00 - DEWEY DECIMAL CLASSIFICATION NUMBER
Classification number 954.92 BAN
Edition number 23
245 10 - TITLE STATEMENT
Title Bangladesh national culture and heritage :
Remainder of title an introductory reader /
Statement of responsibility, etc. edited by A F Salahuddin Ahmed and Bazlur Mobin Chowdhury
260 ## - PUBLICATION, DISTRIBUTION, ETC.
Place of publication, distribution, etc. Dhaka :
Name of publisher, distributor, etc. ,
Date of publication, distribution, etc. 2019.
300 ## - PHYSICAL DESCRIPTION
Extent 466 p. :
Other physical details ill. ;
Dimensions 21 cm.
504 ## - BIBLIOGRAPHY, ETC. NOTE
Bibliography, etc. note Includes bibliographical references and index.
650 #0 - SUBJECT ADDED ENTRY--TOPICAL TERM
Topical term or geographic name entry element National culture
650 #0 - SUBJECT ADDED ENTRY--TOPICAL TERM
Topical term or geographic name entry element National heritage
700 1# - ADDED ENTRY--PERSONAL NAME
Personal name Ahmed, A F Salahuddin
Relator term Editor
700 1# - ADDED ENTRY--PERSONAL NAME
Personal name Chowdhury, Bazlur Mobin
Relator term Editor
942 ## - ADDED ENTRY ELEMENTS (KOHA)
Koha item type Books
Holdings
Withdrawn status Lost status Source of classification or shelving scheme Damaged status Not for loan Collection Home library Current library Shelving location Date acquired Source of acquisition Total checkouts Full call number Barcode Date last seen Copy number Price effective from Koha item type
    Dewey Decimal Classification     Non-fiction Jagannath University Central Library Jagannath University Central Library General stacks 07/23/2025 Purchased   954.92 BAN JNUCL30082 07/23/2025 1 07/23/2025 Books